00220nam a22000977a 4500040000700000082000800007100001800015245006100033260002000094300000800114 cSK a332 aASTRID AAFJES aCredit needs and the credit providers in the rural areas aCCRDbASTc1996 a7p.